000 00245nmm a2200085Ia 4500
008 220120s9999||||xx |||||||||||||||||und||
100 _aEFY , November
_911023
245 0 _aEFY Magazine, utilities, circuits, datasheets, e-books, fun
260 _c2008
999 _c139160
_d139160